| 000 | 00647nam a2200241Ia 4500 | ||
|---|---|---|---|
| 003 | OSt | ||
| 005 | 20221007102346.0 | ||
| 006 | a|||||r|||| 00| 0 | ||
| 007 | ta | ||
| 008 | 221006b |||||||| |||| 00| 0 eng d | ||
| 024 | _a10,129 | ||
| 037 | _cReference Collections | ||
| 040 |
_aLCO _cLCO _beng |
||
| 041 |
_2eng _aeng |
||
| 082 | _aV2:58(Z), P3 | ||
| 100 |
_aSathe S.P. Au. _9683501 |
||
| 245 | 0 | _aLiberty, Equality And Justice | |
| 260 |
_aLucknow _bEastern Book Co. India _c2003 |
||
| 300 | _a387 | ||
| 650 | _aJustice | ||
| 942 |
_hV2:58(Z), P3 _cREF |
||
| 999 |
_c1179692 _d1179692 |
||